01463 2200397 4500001002100000005001500021035002000036007000300056008004100059020002200100040002200122082001400144084001600158090002200174100003000196245025600226250004100482300004600523650002500569700003700594700003900631700003200670700002200702700003200724700003500756700004000791700003400831850001200865264004500877336002100922337003000943338002300973999002200996504002501018990002201043INLIS00000000089350220250217094824 a0010-0225000584ta250214s2024 yoia g ind d a978-623-88144-4-2 aYOPDYOGbinderda04223a630.7 a630.7 MES p aCB-D.11 2024-50500 aMesalia KriskaePengarang10aPenyuluhan pertanian abad 21 /cMesalia Kriska, Alia Bihrajihant Raya, Sri Peni Wastutiningsih, Dyah Woro Untari, Subejo, Ratih Ineke Wati, Yuhan Farah Maulida, Diah Fitria Widhiningsih, Najmu Tsaqib Akhda; penyunting, Mesalia Kriska, Dyah Woro Untari aEdisi pertama: Cetakan pertama, 2024 avi, 296 halaman :btabel, gambar ;c23 cm 4aPenyuluhan pertanian0 aAlia Bihrajihant RayaePengarang0 aSri Peni WastutiningsihePengarang0 aDyah Woro UntariePengarang0 aSubejoePengarang0 aRatih Ineke WatiePengarang0 aYuhan Farah MaulidaePengarang0 aDiah Fitria WidhiningsihePengarang0 aNajmu Tsaqib AkhdaePengarang aYOPDYOG31aYogyakarta :bAdipura Book Centre,c2024 2rdacontentateks 2rdamediaatanpa perantara 2rdacarrieravolume aCB-D.11/2024-5050 aTermasuk bibliografi aCB-D.11/2024-5050